Statistics for Largest Cities in Africa

Click here to take the quiz!

General Stats

  • This quiz has been taken 14 times
  • The average score is 56 of 100

Answer Stats

CountryCity% Correct
 NigeriaAbuja
100%
 GhanaAccra
100%
 EgyptAlexandria
100%
 AlgeriaAlgiers
100%
 MadagascarAntananarivo
100%
 EgyptCairo
100%
 South AfricaCape Town
100%
 MoroccoCasablanca
100%
 SenegalDakar
100%
 TanzaniaDar es Salaam
100%
 Sierra LeoneFreetown
100%
 ZimbabweHarare
100%
 South AfricaJohannesburg
100%
 UgandaKampala
100%
 SudanKhartoum
100%
 NigeriaLagos
100%
 ZambiaLusaka
100%
 SomaliaMogadishu
100%
 NigerNiamey
100%
 South AfricaPretoria
100%
 MoroccoRabat
100%
 LibyaTripoli
100%
 TunisiaTunis
100%
 EthiopiaAddis Ababa
92%
 MaliBamako
92%
 Republic of the CongoBrazzaville
92%
 GuineaConakry
92%
 South AfricaDurban
92%
 Democratic Republic of the CongoKinshasa
92%
 GabonLibreville
92%
 MalawiLilongwe
92%
 AngolaLuanda
92%
 MozambiqueMaputo
92%
 LiberiaMonrovia
92%
 KenyaNairobi
92%
 ChadN'Djamena
92%
 MauritaniaNouakchott
92%
 CameroonYaoundé
92%
 EritreaAsmara
85%
 Central African RepublicBangui
85%
 MoroccoFez
85%
 EgyptGiza
85%
 RwandaKigali
85%
 TogoLomé
85%
 KenyaMombasa
85%
 Burkina FasoOuagadougou
85%
 MoroccoTangier
85%
 Côte d'IvoireAbidjan
77%
 BurundiBujumbura
77%
 CameroonDouala
77%
 NigeriaBenin City
69%
 South AfricaGqeberha (Port Elizabeth)
69%
 NigeriaIbadan
69%
 NigeriaKano
69%
 MoroccoMarrakesh
69%
 AlgeriaOran
69%
 MoroccoAgadir
62%
 LibyaBenghazi
62%
 TanzaniaZanzibar
46%
 GhanaKumasi
38%
 Democratic Republic of the CongoLubumbashi
38%
 NigeriaPort Harcourt
38%
 Democratic Republic of the CongoMbuji-Mayi
31%
 AngolaCabinda
23%
 MalawiBlantyre
15%
 SomaliaHargeisa
15%
 SudanOmdurman
15%
 NigeriaOnitsha
15%
 Republic of the CongoPointe-Noire
15%
 NigeriaAba
8%
 Burkina FasoBobo Dioulasso
8%
 NigeriaEnugu
8%
 NigeriaJos
8%
 Democratic Republic of the CongoKisangani
8%
 AngolaLubango
8%
 NigeriaMaiduguri
8%
 MozambiqueMatola
8%
 TanzaniaMwanza
8%
 NigeriaWarri
8%
 BeninAbomey-Calavi
0%
 AngolaBenguela
0%
 Democratic Republic of the CongoBukavu
0%
 Democratic Republic of the CongoBunia
0%
 South AfricaEast Rand
0%
 NigeriaIkorodu
0%
 NigeriaIlorin
0%
 NigeriaKaduna
0%
 Democratic Republic of the CongoKananga
0%
 NigeriaLokoja
0%
 LibyaMisratah
0%
 MozambiqueNampula
0%
 NigeriaNnewi
0%
 SudanNyala
0%
 NigeriaOwerri
0%
 EgyptShubra el-Kheima
0%
 Democratic Republic of the CongoTshikapa
0%
 NigeriaUmuahia
0%
 NigeriaUyo
0%
 South AfricaVereeniging
0%
 South AfricaWest Rand
0%

Score Distribution

Percentile by Number Answered

Percent of People with Each Score

Your Score History

You have not taken this quiz